| 000 | 00633nam a2200217 a 4500 | ||
|---|---|---|---|
| 001 | BRCA_7085 | ||
| 005 | 20190320205716.0 | ||
| 008 | 081211s1916----gw-abce###---#000-0#ger-# | ||
| 041 | _ager | ||
| 044 | _agw | ||
| 050 | 4 |
_aD582.J8 _b1916 |
|
| 245 | 1 | 0 |
_aDie schlacht am Skagerrak! _bder Ruhmestag der deutschen Flotte _cvon *** |
| 260 |
_aBerlín _bUllstein & Co. _c1916 |
||
| 300 |
_a131 p. _bil., mapas _c19 cm. |
||
| 500 | _aEscrito por Friedrich von Kühlwetter | ||
| 500 | _aO82 | ||
| 650 | 1 | 4 |
_aJutlandia, la batalla de de 1916. _917611 |
| 700 | 1 |
_aKühlwetter, Friedrich von _eaut. _917612 |
|
| 902 | _aGFM | ||
| 942 |
_2lcc _cB |
||
| 999 |
_c6766 _d6766 |
||